[Event "8eme Open International de La Fere"]
[Site "La Fere (FRA)"]
[Date "2009.07.04"]
[Round "1.31"]
[White "Neumair, Cedric"]
[Black "Khalfaoui, Mathias"]
[Result "1/2-1/2"]
[WhiteElo "1845"]
[BlackElo "1680"]
[PlyCount "86"]
[EventDate "2009.??.??"]

1. d4 d5 2. c4 c6 3. Nf3 Nf6 4. Nc3 e6 5. cxd5 exd5 6. Bg5 Be7 7. e3 Bf5 8. Bd3
Bxd3 9. Qxd3 Nbd7 10. O-O O-O 11. Rab1 Re8 12. b4 Ne4 13. Bxe7 Qxe7 14. b5 Rab8
15. Nd2 Nxd2 16. Qxd2 Nb6 17. bxc6 bxc6 18. Rfc1 Rb7 19. a4 Reb8 20. Qa2 Nc4
21. a5 a6 22. Na4 Nxa5 23. Nc5 Rxb1 24. Rxb1 Rxb1+ 25. Qxb1 Qa7 26. Nxa6 Qb7
27. Qxb7 Nxb7 28. Kf1 Kf8 29. Nb4 Nd8 30. Ke2 Ke7 31. Kd3 Kd6 32. Na6 Ne6 33.
Kc3 c5 34. Nxc5 Nxc5 35. dxc5+ Kxc5 36. Kd3 Kd6 37. Kd4 Ke6 38. f4 Kd6 39. g4
f6 40. h3 g6 41. h4 h6 42. g5 fxg5 43. fxg5 hxg5 1/2-1/2

[Event "8eme Open International de La Fere"]
[Site "La Fere (FRA)"]
[Date "2009.07.04"]
[Round "1.33"]
[White "Daniel, Antoine"]
[Black "Roux, Jean-Francois"]
[Result "1-0"]
[WhiteElo "1835"]
[BlackElo "1659"]
[PlyCount "77"]
[EventDate "2009.??.??"]

1. e4 c5 2. Nc3 Nc6 3. g3 g6 4. Bg2 Bg7 5. Nge2 e6 6. O-O Nge7 7. d3 O-O 8. Rb1
d5 9. exd5 exd5 10. Nf4 d4 11. Ne4 b6 12. b4 cxb4 13. a3 Bf5 14. axb4 Rc8 15.
b5 Ne5 16. Ba3 Re8 17. Nd6 Rf8 18. Nxc8 Qxc8 19. Bxe7 Re8 20. Ba3 Bg4 21. f3
Bd7 22. Re1 Qd8 23. Nd5 Be6 24. Ne7+ Rxe7 25. Bxe7 Qxe7 26. f4 Nd7 27. Bh3 f5
28. Qf3 Qf7 29. Qa8+ Bf8 30. Bg2 Nf6 31. Qb7 Qxb7 32. Bxb7 Bd5 33. Bxd5+ Nxd5
34. Ra1 Nc3 35. Rxa7 Nxb5 36. Ra8 Kg7 37. Rb8 Nc7 38. Rb7 Bd6 39. Rxb6 1-0

[Event "8eme Open International de La Fere"]
[Site "La Fere (FRA)"]
[Date "2009.07.04"]
[Round "1.34"]
[White "Fauchart, Francois"]
[Black "Casier, Fabrice"]
[Result "0-1"]
[WhiteElo "1653"]
[BlackElo "1820"]
[PlyCount "80"]
[EventDate "2009.??.??"]

1. d4 Nf6 2. Nf3 e6 3. Bf4 c5 4. c3 Nc6 5. h3 d5 6. e3 cxd4 7. exd4 Be7 8. Bd3
O-O 9. O-O Bd7 10. Nbd2 a6 11. Bh2 b5 12. b4 Rc8 13. Rc1 Be8 14. a3 h6 15. Nb3
Nd7 16. Re1 Nb6 17. Nc5 Bxc5 18. dxc5 Nc4 19. Bxc4 bxc4 20. Bd6 Ne7 21. Qd4 Nf5
22. Qf4 Nxd6 23. cxd6 Rc6 24. Rcd1 Rxd6 25. Ne5 Bb5 26. Ra1 Ba4 27. Re3 f6 28.
Ng6 Re8 29. Rg3 e5 30. Qg4 Qd7 31. Qh5 Kh7 32. Re1 Qf7 33. Qf5 Kg8 34. f4 Bd7
35. Qc2 exf4 36. Rxe8+ Qxe8 37. Nxf4 Qe5 38. Qg6 Qe7 39. Qxh6 Be8 40. Qh8+ Kxh8
0-1

[Event "8eme Open International de La Fere"]
[Site "La Fere (FRA)"]
[Date "2009.07.04"]
[Round "1.35"]
[White "Poulain, Andre"]
[Black "Ruhant, Anthony"]
[Result "1/2-1/2"]
[WhiteElo "1820"]
[BlackElo "1648"]
[PlyCount "59"]
[EventDate "2009.??.??"]

1. e4 e5 2. Nf3 Nc6 3. d4 exd4 4. Nxd4 Bc5 5. Nxc6 bxc6 6. Bd3 Ne7 7. Nc3 d5 8.
exd5 cxd5 9. O-O O-O 10. Qh5 g6 11. Qh4 Nf5 12. Qxd8 Rxd8 13. Bg5 Be7 14. Bf4
c6 15. Rfe1 Bf6 16. Be5 Bxe5 17. Rxe5 Be6 18. Rae1 Ng7 19. Na4 Rab8 20. b3 Rd7
21. Nc5 Re7 22. a4 Kf8 23. g3 Rbe8 24. f4 f6 25. R5e3 Bf5 26. Kf2 Bxd3 27. Nxd3
Nf5 28. Rxe7 Rxe7 29. Rxe7 Kxe7 30. c3 1/2-1/2

[Event "8eme Open International de La Fere"]
[Site "La Fere (FRA)"]
[Date "2009.07.04"]
[Round "1.36"]
[White "Woyave, Pascal"]
[Black "Dumas, Victor"]
[Result "0-1"]
[WhiteElo "1630"]
[BlackElo "1806"]
[PlyCount "50"]
[EventDate "2009.??.??"]

1. c4 e5 2. Nc3 Nc6 3. Nf3 d6 4. d4 Bg4 5. d5 Nce7 6. e4 Ng6 7. Be2 Be7 8. h3
Bd7 9. Be3 f5 10. g3 Nf6 11. Bd3 fxe4 12. Nxe4 O-O 13. Qc2 Nxe4 14. Bxe4 Qe8
15. h4 Rf7 16. Ng5 Bxg5 17. Bxg5 Nf8 18. f3 Qc8 19. h5 Bf5 20. O-O-O Bxe4 21.
fxe4 Qg4 22. Bh4 Nd7 23. b4 Raf8 24. Rde1 Rf2 25. Re2 Rxe2 0-1

[Event "8eme Open International de La Fere"]
[Site "La Fere (FRA)"]
[Date "2009.07.04"]
[Round "1.37"]
[White "Rigolot, Lucie"]
[Black "Herman, Jose"]
[Result "1-0"]
[WhiteElo "1806"]
[BlackElo "1620"]
[PlyCount "89"]
[EventDate "2009.??.??"]

1. e4 e5 2. Nf3 d6 3. d4 exd4 4. Nxd4 Nf6 5. Nc3 Bd7 6. Be2 Nc6 7. Nb3 Be7 8.
O-O O-O 9. Nd2 Qc8 10. Nc4 a6 11. Ne3 Re8 12. Ned5 Bd8 13. f3 Nxd5 14. Nxd5 Ne7
15. c4 Nxd5 16. cxd5 Bf6 17. Qb3 Bd4+ 18. Kh1 b5 19. Bd2 Bb6 20. Rac1 f5 21.
Bd3 fxe4 22. fxe4 Rf8 23. Qc2 Rxf1+ 24. Rxf1 h6 25. e5 dxe5 26. Bh7+ Kh8 27.
Qg6 Qe8 28. Rf7 Qf8 29. Rxf8+ Rxf8 30. Qd3 Bd4 31. Bc3 Rf4 32. g3 Rf8 33. Bxd4
exd4 34. Be4 Bh3 35. Bg2 Bf5 36. Qxd4 Re8 37. h4 Re1+ 38. Kh2 Re2 39. Kg1 Re1+
40. Kf2 Rc1 41. g4 Rc4 42. Qe5 Bxg4 43. Qe8+ Kh7 44. Be4+ Bf5 45. Bxf5+ 1-0

[Event "8eme Open International de La Fere"]
[Site "La Fere (FRA)"]
[Date "2009.07.04"]
[Round "1.38"]
[White "Blondel, Francis"]
[Black "Jimenez, Martin"]
[Result "0-1"]
[WhiteElo "1616"]
[BlackElo "1798"]
[PlyCount "65"]
[EventDate "2009.??.??"]

1. d4 d5 2. c4 c6 3. cxd5 cxd5 4. Nc3 Nf6 5. Bf4 Nc6 6. e3 Bf5 7. Qb3 Qd7 8.
Nf3 a6 9. Na4 Ra7 10. Nc5 Qc8 11. Rc1 e6 12. Bd3 Bxd3 13. Nxd3 Qd8 14. O-O Ne4
15. Rc2 Na5 16. Qa4+ b5 17. Qxa5 Qxa5 18. Rc8+ Kd7 19. Rfc1 Ke7 20. Nde5 Kf6
21. Nc6 Qxa2 22. Be5+ Kg6 23. Nxa7 Qxb2 24. Bg3 Ba3 25. R8c2 Qxc1+ 26. Rxc1
Bxc1 27. Ne5+ Kf6 28. Bh4+ g5 29. f3 Bxe3+ 30. Kf1 gxh4 31. fxe4 Bxd4 32. Ng4+
Kg5 33. h3 0-1

[Event "8eme Open International de La Fere"]
[Site "La Fere (FRA)"]
[Date "2009.07.04"]
[Round "1.39"]
[White "Belloc, Sidonie"]
[Black "Turlin, Simon"]
[Result "1-0"]
[WhiteElo "1792"]
[BlackElo "1610"]
[PlyCount "51"]
[EventDate "2009.??.??"]

1. e4 e6 2. d4 d5 3. e5 c5 4. c3 Nc6 5. Nf3 Qb6 6. Be2 Be7 7. O-O Nh6 8. b3
cxd4 9. cxd4 Nf5 10. Bb2 Bd7 11. Qd2 O-O 12. Rd1 Rac8 13. Na3 Rc7 14. Rac1 Rfc8
15. Nb5 Bb4 16. Qd3 Nxe5 17. dxe5 Rxc1 18. Rxc1 Rxc1+ 19. Bxc1 Bxb5 20. Qxb5
Qxb5 21. Bxb5 a6 22. Bd7 b6 23. g4 Ne7 24. Bb2 Ng6 25. a3 Be7 26. b4 1-0

[Event "8eme Open International de La Fere"]
[Site "La Fere (FRA)"]
[Date "2009.07.04"]
[Round "1.40"]
[White "Pruvost, Alain"]
[Black "Obert, Julien"]
[Result "0-1"]
[WhiteElo "1602"]
[BlackElo "1790"]
[PlyCount "124"]
[EventDate "2009.??.??"]

1. b4 Nf6 2. Bb2 e6 3. b5 d5 4. c4 dxc4 5. e3 Be7 6. Bxc4 Bd7 7. Nf3 c6 8. a4
O-O 9. O-O cxb5 10. axb5 Qc7 11. Qb3 a6 12. Be5 Qb6 13. Bd4 Qc7 14. Rc1 Bxb5
15. Rc2 Bxc4 16. Rxc4 Nc6 17. Bb6 Qd7 18. d4 Rfc8 19. Nbd2 h6 20. Qa4 Nd5 21.
Qb3 Nxb6 22. Qxb6 Qc7 23. Rb1 Qxb6 24. Rxb6 Nd8 25. Ne5 Bf6 26. Nd7 Be7 27. Nc5
Bxc5 28. dxc5 Rc6 29. Ne4 Rac8 30. Rcb4 Rxb6 31. Rxb6 f5 32. Nd6 Rxc5 33. g3
Rc6 34. Rxc6 bxc6 35. Kf1 Kf8 36. Ke2 Ke7 37. Nc4 Kd7 38. Kd3 Nf7 39. Kd4 Nd6
40. Ne5+ Kc7 41. Nd3 Nf7 42. f4 Kd6 43. Nc5 Nd8 44. Nxa6 Nb7 45. Kc4 h5 46. h3
g6 47. h4 Na5+ 48. Kb4 Nb7 49. Kc4 e5 50. Nb8 exf4 51. exf4 Kc7 52. Na6+ Kb6
53. Nb4 Nd6+ 54. Kd3 Ne4 55. Nc2 c5 56. Ne3 Kb5 57. Nc4 Kb4 58. Ne5 Kb3 59. Nc4
Nf2+ 60. Ke2 Kxc4 61. Kxf2 Kc3 62. Ke2 Kc2 0-1

[Event "8eme Open International de La Fere"]
[Site "La Fere (FRA)"]
[Date "2009.07.04"]
[Round "1.42"]
[White "Parent, Henri"]
[Black "Guille, Nicolas"]
[Result "1-0"]
[WhiteElo "1600"]
[BlackElo "1782"]
[PlyCount "100"]
[EventDate "2009.??.??"]

1. e4 e5 2. Nf3 Nc6 3. Bb5 Nd4 4. Nxd4 exd4 5. b3 Qg5 6. Bf1 Nf6 7. d3 Qa5+ 8.
Bd2 Bb4 9. Bxb4 Qxb4+ 10. Qd2 Qxd2+ 11. Nxd2 O-O 12. h4 d5 13. f3 Re8 14. g4
dxe4 15. Nxe4 Nxg4 16. fxg4 Bxg4 17. Kd2 f5 18. Nf2 h5 19. Nh3 Re3 20. Nf4 Rae8
21. a4 Rf3 22. Ng2 Rf2+ 23. Kc1 Bf3 24. Rg1 Re6 25. Nf4 Re1+ 26. Kb2 Rxa1 27.
Kxa1 Rxc2 28. Ne6 Bg4 29. Nxd4 Rc1+ 30. Kb2 Rd1 31. Rh1 c5 32. Nc2 Bf3 33. Ne3
Re1 34. Ng2 Re5 35. Kc3 Bd5 36. Rg1 a6 37. Nf4 Bf7 38. Be2 g6 39. Bxh5 Kh7 40.
Nxg6 Bxg6 41. Bxg6+ Kh6 42. h5 f4 43. Rg4 f3 44. Be4 f2 45. Rf4 Rxh5 46. Rxf2
b5 47. Rf6+ Kg5 48. Rf5+ Kg4 49. Rxh5 Kxh5 50. axb5 axb5 1-0

[Event "8eme Open International de La Fere"]
[Site "La Fere (FRA)"]
[Date "2009.07.04"]
[Round "1.43"]
[White "Dagnicourt, Francis"]
[Black "Barbry, Quentin"]
[Result "1/2-1/2"]
[WhiteElo "1765"]
[BlackElo "1564"]
[PlyCount "95"]
[EventDate "2009.??.??"]

1. d4 d5 2. c4 c6 3. Nf3 Nf6 4. Nc3 dxc4 5. e4 Bg4 6. Be3 b5 7. Be2 e6 8. a3
Nbd7 9. O-O Be7 10. Qc2 O-O 11. Rfd1 Qc7 12. d5 exd5 13. exd5 Rfd8 14. dxc6
Qxc6 15. Nd4 Qb7 16. Ndxb5 Nb6 17. Bf4 Bxe2 18. Qxe2 Nfd5 19. Qf3 Rd7 20. Nxd5
Rxd5 21. Nc3 Rxd1+ 22. Qxd1 Rd8 23. Qc2 Bf6 24. Re1 Nd5 25. Qe4 h6 26. Nxd5
Qxd5 27. Qxd5 Rxd5 28. h3 Bxb2 29. a4 Rc5 30. Be3 Rc6 31. Rb1 c3 32. Bc1 Bxc1
33. Rxc1 c2 34. Kf1 Kf8 35. Ke2 Rc4 36. Kd3 Rxa4 37. Rxc2 Ra6 38. Rc7 Ra2 39.
Ke3 a5 40. Ra7 a4 41. g3 a3 42. h4 Ra1 43. Kf4 Kg8 44. h5 Kf8 45. Kf5 Rh1 46.
g4 Rh2 47. f4 a2 48. Ke4 1/2-1/2

[Event "8eme Open International de La Fere"]
[Site "La Fere (FRA)"]
[Date "2009.07.04"]
[Round "1.44"]
[White "Laufer, Maurice"]
[Black "Wolfangel, Claude"]
[Result "0-1"]
[WhiteElo "1547"]
[BlackElo "1757"]
[PlyCount "94"]
[EventDate "2009.??.??"]

1. f4 d5 2. Nf3 c5 3. e3 Nc6 4. Be2 Nf6 5. O-O e6 6. d3 Bd6 7. Nc3 Qb6 8. Qe1
Bd7 9. b3 O-O 10. Kh1 Nb4 11. Bd1 Rfc8 12. Bb2 d4 13. Ne4 Nxe4 14. dxe4 d3 15.
Qg3 f6 16. a3 Nxc2 17. Bxc2 dxc2 18. Nd2 c4 19. Bd4 Bc5 20. Qf2 cxb3 21. Nc4
Qa6 22. Nb2 Bxd4 23. exd4 Qc6 24. Qe3 Qc3 25. Qxc3 Rxc3 26. Rac1 Re3 27. Rfe1
Rxe1+ 28. Rxe1 Bb5 29. Kg1 Be2 30. Kf2 Bd1 31. Nd3 b2 32. Nxb2 c1=Q 33. Nxd1
Qxf4+ 34. Kg1 Rc8 35. g3 Qf3 36. Nf2 Qxa3 37. Kg2 Rc2 38. Rf1 Qe3 39. d5 Qxe4+
40. Kh3 Qf5+ 41. Kg2 Qxd5+ 42. Kh3 Qf5+ 43. Kg2 Qxf2+ 44. Rxf2 Rxf2+ 45. Kxf2
a5 46. h4 a4 47. h5 a3 0-1

[Event "8eme Open International de La Fere"]
[Site "La Fere (FRA)"]
[Date "2009.07.04"]
[Round "1.45"]
[White "Brelot, Loic"]
[Black "Calonne, Pascal"]
[Result "0-1"]
[WhiteElo "1756"]
[BlackElo "1545"]
[PlyCount "60"]
[EventDate "2009.??.??"]

1. d4 Nf6 2. e3 g6 3. Bd3 Bg7 4. f4 e6 5. Nf3 O-O 6. O-O b6 7. Nbd2 d5 8. Ne5
Ba6 9. Ndf3 c5 10. c3 Bxd3 11. Qxd3 c4 12. Qc2 Qe8 13. Nd2 b5 14. e4 a5 15.
exd5 exd5 16. Rf3 Nc6 17. Rh3 Ne7 18. Ndf3 Qc8 19. Bd2 Ne4 20. Re1 f6 21. Ng4
Qxg4 22. Be3 Nf5 23. Bf2 Nxf2 24. Qxf2 Qxf4 25. Re6 Rfe8 26. Qe2 Rxe6 27. Qxe6+
Kf8 28. Rxh7 Qe3+ 29. Qxe3 Nxe3 30. Nh4 Kg8 0-1

[Event "8eme Open International de La Fere"]
[Site "La Fere (FRA)"]
[Date "2009.07.04"]
[Round "1.46"]
[White "Legrand, Jean-Pierre"]
[Black "Durot, Edwige"]
[Result "0-1"]
[WhiteElo "1530"]
[BlackElo "1741"]
[PlyCount "119"]
[EventDate "2009.??.??"]

1. d4 d5 2. c4 c6 3. Nc3 Nf6 4. e3 e6 5. cxd5 exd5 6. Nge2 Bf5 7. Ng3 Bg6 8.
Bd3 Bd6 9. Nf5 Bxf5 10. Bxf5 Nbd7 11. g3 g6 12. Bh3 O-O 13. O-O Re8 14. Qd3 Qc7
15. Bd2 Ne4 16. Nxe4 dxe4 17. Qb3 Nf6 18. Bb4 Rad8 19. Bxd6 Rxd6 20. Rac1 Rd5
21. Rc5 Red8 22. Rfc1 Qb6 23. Rxd5 Rxd5 24. Qxb6 axb6 25. Bc8 Rb5 26. Rc2 Ra5
27. Bxb7 Rxa2 28. Bxc6 Kg7 29. f3 exf3 30. Bxf3 Ra4 31. Kf2 Rb4 32. Ke2 Ne8 33.
Kd3 Rb3+ 34. Ke2 Rb4 35. Kd2 Nd6 36. Bd5 Nf5 37. Kd3 h5 38. b3 Ne7 39. e4 Nxd5
40. exd5 Rxb3+ 41. Kc4 Rb1 42. d6 Kf8 43. Re2 Rc1+ 44. Kd5 Rc8 45. Rb2 Rb8 46.
Kc6 Rc8+ 47. Kd7 Rc4 48. d5 Rc5 49. Rxb6 Rxd5 50. Rb8+ Kg7 51. Kc6 Rd1 52. d7
Rc1+ 53. Kd6 Rd1+ 54. Ke7 Re1+ 55. Kd8 f6 56. Rb2 Rc1 57. Re2 Kf7 58. Re7+ Kf8
59. Re6 Kf7 60. Rc6 0-1

[Event "8eme Open International de La Fere"]
[Site "La Fere (FRA)"]
[Date "2009.07.04"]
[Round "1.47"]
[White "Rouffignac, Tanguy"]
[Black "Remy, Camille"]
[Result "1-0"]
[WhiteElo "1740"]
[BlackElo "1500"]
[PlyCount "55"]
[EventDate "2009.??.??"]

1. e4 e5 2. Nf3 Nc6 3. Bb5 Nf6 4. O-O d6 5. Re1 Bd7 6. d4 Be7 7. Nc3 O-O 8. Bg5
Bg4 9. Bxc6 bxc6 10. dxe5 dxe5 11. Qxd8 Raxd8 12. Nxe5 Be6 13. Nxc6 Rd7 14.
Nxe7+ Rxe7 15. e5 Ree8 16. exf6 g6 17. Bh6 Bf5 18. Bxf8 Rxf8 19. Nd5 Be6 20.
Ne7+ Kh8 21. Re4 a6 22. h3 Bf5 23. Rc4 a5 24. Rd1 Be6 25. Rh4 Bxa2 26. Rdd4 Be6
27. Rxh7+ Kxh7 28. Rh4# 1-0

[Event "8eme Open International de La Fere"]
[Site "La Fere (FRA)"]
[Date "2009.07.04"]
[Round "1.48"]
[White "Brugge, Rodolphe"]
[Black "Deblock, Gilbert"]
[Result "1-0"]
[WhiteElo "1220"]
[BlackElo "1499"]
[PlyCount "35"]
[EventDate "2009.??.??"]

1. c4 d6 2. Nc3 e6 3. Nf3 Nf6 4. g3 Nc6 5. Bg2 Be7 6. O-O d5 7. cxd5 exd5 8. e3
Bg4 9. d3 d4 10. exd4 Nxd4 11. Be3 Nf5 12. Qd2 O-O 13. d4 Nd5 14. Nxd5 Qxd5 15.
Qe2 Rfe8 16. h3 Bh5 17. g4 Nxe3 18. Qxe3 1-0

[Event "8eme Open International de La Fere"]
[Site "La Fere (FRA)"]
[Date "2009.07.04"]
[Round "1.49"]
[White "Duquenne, Eddy"]
[Black "Honorable, Nicolas"]
[Result "0-1"]
[WhiteElo "1499"]
[BlackElo "1220"]
[PlyCount "52"]
[EventDate "2009.??.??"]

1. d4 e6 2. c4 d5 3. Nc3 dxc4 4. e4 Nc6 5. Nf3 Bb4 6. Bxc4 Nf6 7. Bg5 h6 8.
Bxf6 Qxf6 9. O-O Bxc3 10. bxc3 O-O 11. Re1 e5 12. d5 Rd8 13. Qc2 Na5 14. Bf1
Bg4 15. Nd2 c6 16. c4 Qg5 17. Re3 Rac8 18. Qc3 b6 19. Rg3 Qf4 20. Qd3 f5 21. h3
fxe4 22. Rxg4 exd3 23. Rxf4 exf4 24. Bxd3 cxd5 25. Rc1 dxc4 26. Nxc4 Rxd3 0-1

[Event "8eme Open International de La Fere"]
[Site "La Fere (FRA)"]
[Date "2009.07.04"]
[Round "1.50"]
[White "Devoitine, Thomas"]
[Black "Nesztler, Lambert"]
[Result "1-0"]
[WhiteElo "1200"]
[BlackElo "1499"]
[PlyCount "77"]
[EventDate "2009.??.??"]

1. c4 e6 2. Nc3 c6 3. Nf3 d5 4. d3 Bb4 5. Bd2 Bxc3 6. Bxc3 f6 7. g3 dxc4 8.
dxc4 Qxd1+ 9. Rxd1 Ne7 10. Bg2 O-O 11. O-O Nd7 12. Bb4 c5 13. Ba3 b6 14. b4 Rd8
15. bxc5 Ba6 16. cxb6 axb6 17. Bxe7 Bxc4 18. Rfe1 Kf7 19. Bxd8 Rxd8 20. a4 Bb3
21. Rb1 Bxa4 22. Nd4 Ne5 23. e3 Rb8 24. f4 Nd3 25. Re2 e5 26. Bc6 Bxc6 27. Nxc6
Rb7 28. Nd8+ Kg6 29. Nxb7 Kh5 30. Rxb6 Kg4 31. Nd6 Kf3 32. Kf1 exf4 33. exf4
Nc5 34. Rc6 Ne6 35. Rxe6 Kg4 36. Re7 g5 37. fxg5 fxg5 38. Rc4+ Kh3 39. Rxh7#
1-0

[Event "8eme Open International de La Fere"]
[Site "La Fere (FRA)"]
[Date "2009.07.04"]
[Round "1.51"]
[White "Wells, Pierre-Alexandre"]
[Black "Cherief, Hicham"]
[Result "1-0"]
[WhiteElo "1499"]
[BlackElo "1199"]
[PlyCount "87"]
[EventDate "2009.??.??"]

1. e4 e5 2. Nf3 Nc6 3. Bb5 Nf6 4. O-O a6 5. Ba4 b5 6. Bb3 d6 7. h3 Nxe4 8. Bd5
Bd7 9. Bxe4 d5 10. Bf5 g6 11. Bg4 f5 12. Bxf5 gxf5 13. Nh2 Qg5 14. d3 f4 15.
Nc3 Rg8 16. Qg4 Qxg4 17. Nxg4 Nd4 18. Nf6+ Kf7 19. Nxg8 Kxg8 20. Bd2 Nxc2 21.
Rad1 Bc5 22. a3 Rf8 23. Rc1 Nd4 24. Rfe1 Rf5 25. b4 Bb6 26. a4 Rg5 27. Kf1 Nb3
28. Rc2 Nxd2+ 29. Rxd2 bxa4 30. Nxa4 Bd4 31. Rc1 Rg7 32. Nc5 Bxc5 33. bxc5 c6
34. Rb1 a5 35. Rb6 Re7 36. Rdb2 Bc8 37. Ra2 Bf5 38. Ke2 e4 39. dxe4 Rxe4+ 40.
Kf3 Be6 41. Rxa5 d4 42. Kxe4 Bd5+ 43. Kxd4 Bxg2 44. Rb7 1-0

[Event "8eme Open International de La Fere"]
[Site "La Fere (FRA)"]
[Date "2009.07.04"]
[Round "1.52"]
[White "Neumair, Dorian"]
[Black "Pierret, Paul"]
[Result "0-1"]
[WhiteElo "1196"]
[BlackElo "1495"]
[PlyCount "162"]
[EventDate "2009.??.??"]

1. e4 e5 2. Nf3 d6 3. Bc4 h6 4. Nc3 Nf6 5. d3 a6 6. O-O b5 7. Bb3 Bg4 8. h3 Bh5
9. Be3 Nc6 10. Bd5 Nxd5 11. Nxd5 Ne7 12. Rc1 Nxd5 13. exd5 Be7 14. Re1 O-O 15.
Kh2 Bf6 16. c4 bxc4 17. Rxc4 a5 18. Qe2 a4 19. Rec1 Rc8 20. Bd2 Qd7 21. Qe4 Bg6
22. b3 a3 23. Qe3 Rfe8 24. Kg1 Re7 25. Nh4 Bxh4 26. Rxh4 h5 27. Qg5 Ree8 28. f3
Qf5 29. Qxf5 Bxf5 30. Rxh5 Bxd3 31. Rh4 Ra8 32. Ra4 Rxa4 33. bxa4 Ba6 34. Ba5
Bb7 35. Bxc7 Re7 36. Ba5 Bxd5 37. Rc2 Ra7 38. Bb4 Rxa4 39. Bxd6 f6 40. Rc3 Bxa2
41. Rxa3 Rd4 42. Bc5 Rd1+ 43. Kh2 Be6 44. Ra8+ Kh7 45. Ra7 Rd8 46. Kg3 Kg6 47.
Ra4 Rc8 48. Be3 Rc3 49. Bd2 Rc2 50. Be3 Rc3 51. Bd2 Rd3 52. Bc1 Bd7 53. Rb4 Bc6
54. Rc4 Bd5 55. Rg4+ Kf7 56. h4 Rc3 57. Bd2 Rc8 58. Ra4 Rh8 59. Kg4 Be6+ 60.
Kg3 Rd8 61. Bc1 Rc8 62. Bd2 Kg8 63. f4 Rd8 64. Be3 Rd3 65. Kf3 Bd5+ 66. Kf2 Rb3
67. g4 Rb2+ 68. Kg3 Rb3 69. Kf2 exf4 70. Rxf4 Rb2+ 71. Kg3 Rg2+ 72. Kh3 Re2 73.
h5 Kf7 74. Bc1 Re1 75. Bd2 Rh1+ 76. Kg3 Rg1+ 77. Kf2 Rg2+ 78. Ke3 Be6 79. Ra4
Bxg4 80. Ra5 Rh2 81. Kf4 Bxh5 0-1

[Event "8eme Open International de La Fere"]
[Site "La Fere (FRA)"]
[Date "2009.07.04"]
[Round "1.53"]
[White "Tawegoum, Ivan"]
[Black "Van Poucke, Guy"]
[Result "1-0"]
[WhiteElo "1490"]
[BlackElo "1190"]
[PlyCount "104"]
[EventDate "2009.??.??"]

1. e4 c5 2. Nf3 d6 3. Nc3 a6 4. Bc4 e6 5. b3 Nf6 6. Bb2 Be7 7. O-O O-O 8. Re1
Nc6 9. h3 Nd4 10. Nxd4 cxd4 11. Ne2 b5 12. Bd3 e5 13. Ng3 Bb7 14. Nf5 g6 15.
Nxe7+ Qxe7 16. f4 exf4 17. Bxd4 Bxe4 18. Bxf6 Qxf6 19. Bxe4 Rae8 20. Bf3 Rd8
21. Rf1 d5 22. d3 a5 23. Qd2 a4 24. Rab1 d4 25. Be4 g5 26. Qb4 axb3 27. axb3
Qe5 28. Rbe1 Qe6 29. Qxb5 g4 30. hxg4 Qxg4 31. Qf5 Qxf5 32. Bxf5 Rd5 33. Bh3 f3
34. gxf3 Rg5+ 35. Kf2 Rd8 36. Rg1 h6 37. Bf5 Rd6 38. Rxg5+ hxg5 39. Rg1 f6 40.
Be4 Kf8 41. Rb1 Ke7 42. b4 Ke6 43. b5 Rb6 44. Bc6 f5 45. Rb4 Ke5 46. Kg3 Rb8
47. Bd7 Rg8 48. b6 g4 49. f4+ Kf6 50. b7 Rb8 51. Bc8 Ke7 52. Rxd4 Kf8 1-0

[Event "8eme Open International de La Fere"]
[Site "La Fere (FRA)"]
[Date "2009.07.04"]
[Round "1.54"]
[White "Jacob, Guillaume"]
[Black "Paillard, Maximilien"]
[Result "0-1"]
[WhiteElo "1150"]
[BlackElo "1462"]
[PlyCount "66"]
[EventDate "2009.??.??"]

1. d4 d5 2. c4 c6 3. e3 Nf6 4. Bd3 e6 5. Nf3 Nbd7 6. O-O Be7 7. Bd2 dxc4 8.
Bxc4 b5 9. Bd3 a6 10. e4 Nc5 11. Qe2 Nxd3 12. Qxd3 c5 13. e5 c4 14. Qe2 Nd5 15.
Nc3 Bb7 16. Nxd5 Bxd5 17. Rab1 O-O 18. Qe3 Bxf3 19. gxf3 Qd5 20. Qe4 Rad8 21.
Ba5 Qxe4 22. fxe4 Rxd4 23. f3 Bc5 24. Kg2 f6 25. Bc3 Rd7 26. exf6 gxf6 27. f4
Kf7 28. e5 Rg8+ 29. Kh3 Rd3+ 30. Kh4 Rg4+ 31. Kxg4 f5+ 32. Kh5 Rh3+ 33. Kg5
Be7# 0-1

[Event "8eme Open International de La Fere"]
[Site "La Fere (FRA)"]
[Date "2009.07.04"]
[Round "1.55"]
[White "Bouguettouche, Didier"]
[Black "Gosset, Hugo"]
[Result "1-0"]
[WhiteElo "1460"]
[BlackElo "1099"]
[PlyCount "109"]
[EventDate "2009.??.??"]

1. e4 e6 2. Nf3 Nf6 3. d3 d5 4. Bg5 Nc6 5. e5 h6 6. Bd2 Ng4 7. d4 f6 8. h3 fxe5
9. hxg4 e4 10. Ne5 Nxd4 11. Ng6 Rg8 12. Nxf8 Rxf8 13. Bb4 c5 14. Bd2 Qf6 15.
Be3 e5 16. c3 Bxg4 17. Qd2 Nf5 18. Bxc5 Rf7 19. Bb5+ Kd8 20. Qxd5+ Kc8 21. Qxe4
Qg5 22. Nd2 a6 23. Bc4 Rf6 24. Qd3 b5 25. Bd5 Rb8 26. Ne4 Qf4 27. Nxf6 gxf6 28.
Ba7 Nd6 29. Bxb8 Kxb8 30. Be6 e4 31. Qd2 Qxd2+ 32. Kxd2 Bxe6 33. Rxh6 Nc4+ 34.
Kc2 Bd5 35. Rxf6 e3 36. fxe3 Nxe3+ 37. Kd3 Nxg2 38. Rxa6 Kb7 39. Rf6 Kc7 40.
Rg1 Kd7 41. Kd4 Bb7 42. Rf7+ Kc8 43. Rxb7 Kxb7 44. Rxg2 Kc6 45. Rg6+ Kb7 46.
Kc5 Ka7 47. Kxb5 Kb7 48. Rg7+ Kc8 49. Kc6 Kd8 50. Ra7 Ke8 51. Kd6 Kf8 52. Ke6
Kg8 53. Kf6 Kh8 54. Kg6 Kg8 55. Ra8# 1-0

[Event "8eme Open International de La Fere"]
[Site "La Fere (FRA)"]
[Date "2009.07.05"]
[Round "2.1"]
[White "Venkatesh, M.r"]
[Black "Malaniuk, Vladimir P"]
[Result "0-1"]
[WhiteElo "2426"]
[BlackElo "2563"]
[PlyCount "66"]
[EventDate "2009.??.??"]

1. e4 e5 2. Nf3 Nc6 3. Bb5 a6 4. Ba4 d6 5. c3 Bd7 6. d4 g6 7. d5 Nce7 8. c4 Bg7
9. Nc3 h6 10. Nd2 f5 11. exf5 gxf5 12. Qh5+ Kf8 13. Bb3 Nf6 14. Qe2 b5 15. a3
c6 16. O-O bxc4 17. dxc6 cxb3 18. cxd7 Nxd7 19. Qf3 d5 20. Nxb3 d4 21. Ne4 Kg8
22. Nd6 e4 23. Qh3 Ne5 24. Nxf5 Nxf5 25. Qxf5 Qd5 26. Qh3 e3 27. Nxd4 exf2+ 28.
Rxf2 Qxd4 29. Bf4 Ng6 30. Be3 Qd5 31. Rc1 Re8 32. Rc7 Rh7 33. Qg3 Qe6 0-1

[Event "8eme Open International de La Fere"]
[Site "La Fere (FRA)"]
[Date "2009.07.05"]
[Round "2.2"]
[White "Degraeve, Jean-Marc"]
[Black "Konguvel, Ponnuswamy"]
[Result "1-0"]
[WhiteElo "2559"]
[BlackElo "2419"]
[PlyCount "93"]
[EventDate "2009.??.??"]

1. e4 c5 2. c3 d5 3. exd5 Qxd5 4. d4 Nf6 5. Nf3 e6 6. Be3 cxd4 7. cxd4 Bb4+ 8.
Nc3 O-O 9. Be2 Ne4 10. Qc2 Qa5 11. O-O Nxc3 12. bxc3 Be7 13. Bd3 g6 14. Rab1
Nd7 15. Rfe1 Qc7 16. h4 Nf6 17. Ne5 Nd5 18. Bh6 Rd8 19. h5 f6 20. Nf3 Qxc3 21.
hxg6 Qxc2 22. gxh7+ Kf7 23. Bxc2 Rh8 24. Bd2 b6 25. Ba4 Rxh7 26. Rbc1 Bd6 27.
Bc6 Rb8 28. Bxd5 exd5 29. Rc6 Bf8 30. Bg5 Bd7 31. Rxf6+ Kg8 32. Ne5 Be8 33. Re3
Be7 34. Rf5 Rc8 35. Rg3 Kh8 36. f3 Rh5 37. Bf6+ Bxf6 38. Rxf6 Rc1+ 39. Kf2 Bb5
40. Nf7+ Kh7 41. Ng5+ Kg7 42. Ne4+ Kh7 43. Rf7+ Kh6 44. Nf6 Rc2+ 45. Ke3 Rg5
46. Ng4+ Kh5 47. Kf4 1-0